000 00430nam a2200157 4500
001 126840
003 ES-MaACL
005 20230906192907.0
007 t|
008 070214s1972 sp r ||||1| spa d
100 1 _aRibas Muntan, Ramón.
_996731
245 1 0 _aTécnicas de marketing /
_cRamón Ribas Muntan.
260 _aMadrid [etc.] :
_bIndex,
_c1972.
300 _a781 p. ;
_c24 cm.
852 _aES-MaACL
_jC-49382
_bR.84115
999 _c126840
_d126840